| 000 | 00613cam a2200181 a 4500 | ||
|---|---|---|---|
| 001 | 000013233 | ||
| 005 | 20200929163154.0 | ||
| 008 | 770819s1970 ck b 001 0 spa | ||
| 040 |
_aDO-SdBNP _bspa _cBNPHU |
||
| 082 |
_a333.31098 _bG216d, 1970 |
||
| 100 | 1 |
_aGarcía, Antonio, _d1912-1982. _930384 |
|
| 245 | 1 | 0 |
_aDinamica de las reformas agrarias en América Latina / _cAntonio García. |
| 250 | _a3a ed. | ||
| 260 |
_aMedellín, Colombia : _bLa Oveja Negra, _c1970. |
||
| 300 |
_a142 p. ; _c23 cm. |
||
| 650 | 4 |
_aReforma agraria _zAmérica Latina. _97570 |
|
| 650 | 4 |
_aTenencia de la tierra _zAmérica Latina _923647 |
|
| 999 |
_c12865 _d12865 |
||